Ai Generated Trivia Questions #1 - Statistics

General Stats
  • This quiz has been taken 31 times
  • The average score is 9 of 15
Answer Stats
Question Answer % Correct
What planet in our solar system is nicknamed the "Red Planet"? Mars
97%
Which legendary band performed the song Bohemian Rhapsody? Queen
90%
Which country has won the most FIFA World Cup titles in men’s soccer? Brazil
86%
What is the most abundant gas in Earth's atmosphere? Nitrogen
83%
Which land animal is considered the fastest? Cheetah
79%
Which language has the most speakers worldwide? English
79%
Which country has the most natural lakes? Canada
76%
Who was the first U.S. president to live in the White House? John Adams
62%
Who is the author of The Great Gatsby? F. Scott Fitzgerald
55%
A triangle’s angles always add up to what total? 180 Degrees
52%
Which Greek deity is associated with war? Ares
52%
What was the first feature-length animated movie ever released? Snow White and the Seven Dwarfs
45%
In which classic film can you hear the famous line, “Here’s looking at you, kid”? Casablanca
21%
In web addresses, what does "HTTP" stand for? HyperText Transfer Protocol
14%
Miso soup, a traditional Japanese dish, is primarily made from what ingredient? Miso Paste
3%
No matching quizzes found
Score Distribution
Percent of People with Each Score
Percentile by Number Answered
Your Score History
You have not taken this quiz